logo

Bir Sreshtho Munshi Abdur Rouf Library
Jhenaidah Cadet College

Acres of diamonds / (Record no. 7321)

MARC details
000 -LEADER
fixed length control field 00666cam a2200253 a 4500
001 - CONTROL NUMBER
JCCL Control Number 7321
003 - CONTROL NUMBER IDENTIFIER
JCCL marc code BD-JhCC
005 - DATE AND TIME OF LATEST TRANSACTION
control field 20180325124139.0
008 - FIXED-LENGTH DATA ELEMENTS--GENERAL INFORMATION
fixed length control field 070418s2007 xra 000 eng d
020 ## - INTERNATIONAL STANDARD BOOK NUMBER
International Standard Book Number 9780977579228
035 ## - SYSTEM CONTROL NUMBER
system control number (BD-JhCC)7321
040 ## - CATALOGING SOURCE
Original cataloging agency SSL
Transcribing agency SSL
Modifying agency ANL
041 ## - LANGUAGE CODE
Language code of Book eng
082 04 - DEWEY DECIMAL CLASSIFICATION NUMBER
Classification number 650.12
DDC Edition number 22
Author mark and Year CON 2003
100 1# - MAIN ENTRY--PERSONAL NAME
Personal name Conwell, Russell Herman,
Dates associated with a name 1843-1925.
245 10 - TITLE STATEMENT
Title Acres of diamonds /
Statement of responsibility, etc by Russell H. Conwell
260 ## - PUBLICATION, DISTRIBUTION, ETC. (IMPRINT)
Place of publication, distribution, etc [Para Hills, S. Aust.] :
Name of publisher, distributor, etc Inkstone Press,
Date of publication, distribution, etc c2007.
300 ## - PHYSICAL DESCRIPTION
Pagination 161 p. ;
Dimensions 21 cm.
490 1# - SERIES STATEMENT
Series statement Inkstone classics series
650 #0 - SUBJECT ADDED ENTRY--TOPICAL TERM
Topical term or geographic name as entry element Success.
650 #0 - SUBJECT ADDED ENTRY--TOPICAL TERM
Topical term or geographic name as entry element Wealth.
942 ## - ADDED ENTRY ELEMENTS (KOHA)
Source of classification or shelving scheme Dewey Decimal Classification
Koha item type Books
Holdings
Source of classification or shelving scheme Damaged status Not for loan Home library Current library Shelving location Total Checkouts Full call number Barcode Date last seen Copy number Koha item type
Dewey Decimal Classification     JCC Rouf Library JCC Rouf Library General Stacks   650.12 CON 2003 9924 02/07/2018 C - 1 Books

JCC Library | Contacts | JCC Home

Last Update on 23 September 2017
Copyright @ 2017-2020 JCC Rouf Library
Rouf Library, Jhenidah Cadet College (JCC), Bangladesh